000 00395nam a2200169Ia 4500
003 IT-RoPAU
005 20220918175337.0
008 120407s9999 xx 000 0 und d
040 _aIT-RoPAU
040 _cIT-RoPAU
100 _aAngelo De Simone
_9126
245 _aSpirito Santo Dio. Novena di Pentecoste
260 _aEdizioni Paoline
300 _c cm
490 _v1
942 _cBK
_2ddc
999 _c5427
_d5427